Gaussian and non-Gaussian linear time series and random fields

محفوظ في:
التفاصيل البيبلوغرافية
المؤلف الرئيسي: Rosenblatt, Murray (مؤلف)
التنسيق: كتاب
اللغة:الإنجليزية
منشور في: Nueva York Springer 2000
الطبعة:1a. ed
سلاسل:Springer Series in Statistics
الموضوعات:
الوسوم: إضافة وسم
لا توجد وسوم, كن أول من يضع وسما على هذه التسجيلة!

MARC

LEADER 00000nam a2200000 a 4500
001 UCI4895
003 CL-VaPUC
008 080307e20000000US |||||||||||||||||eng|d
020 |a 038798917X 
082 0 4 |a 519.5  |b ROS  |2 21 
100 0 |a Rosenblatt, Murray  |e author  |9 526964 
245 1 0 |a Gaussian and non-Gaussian linear time series and random fields 
250 |a 1a. ed 
300 |a 246 p 
942 |c BK 
945 |d 20080307 00:00:00  |a cmena 
260 |a Nueva York  |b Springer  |c 2000 
650 0 |a Estadística matemática  |9 260028 
650 0 |a Análisis estadístico  |9 269506 
650 0 |a Análisis de series de tiempo   |9 260363 
650 0 |a Datos estadísticos  |9 329380 
650 0 |a Variables aleatorias   |9 270745 
583 |a last modification  |c 20080307 00:00:00  |k Rodrigo Vera 
490 0 |a Springer Series in Statistics 
999 |c 328731  |d 328729 
952 |0 0  |1 0  |4 0  |6 519_500000000000000_ROS_2000  |7 0  |8 A  |9 412803  |a BIBGIM  |b BIBGIM  |d 2019-11-22  |i 4412036  |o 519.5 ROS 2000  |p 4412036  |r 2025-01-15  |w 2019-11-22  |y BK  |k EST